000 01056nam a22002657a 4500
001 BR9212515
003 BR-BrBNA
005 20230928095106.0
007 ta
008 230509b bl.||||| |||| 00| 0 por d
040 _aBR-BrBNA
_bpor
_cBiblioteca Nacional de Agricultura
041 _a(Por)
072 _aH01; T01; N20
_b4560
090 _ 4560 BR9212515
110 1 _aFaculdade de Ciencias Agrarias e Veterinarias "Campus" de Jaboticabal, SP (Brasil)
_94478
111 1 _a1. Simposio Brasileiro sobre Tecnologia de Aplicacao de Defensivos Agricolas: Eficiencia, Economia e Preservacao da Saude Humana e do Ambiente
_cJaboticabal, SP (Brazil)
_d28-30 May 1985
245 1 _aAnais do 1. Simposio Brasileiro sobre Tecnologia de Aplicacao de Defensivos Agricolas: Eficiencia, Economia e Preservacao da Saude Humana e do Ambiente
260 3 _aJaboticabal, SP (Brasil):
_c1987.
300 _a200 p.
650 _aDefensivo
650 _aEquipamento Agricola
650 _aPoluicao Ambiental
909 _a202309
_bLucia
_c55
_dLucia Elande
942 _cBK
999 _c54474
_d54474